000 00326nam a2200145Ia 4500
003 OSt
005 20240209101454.0
008 170524s9999 xx 000 0 und d
020 _a8125909362
040 _cIIMT UNIVERSITY
100 _aMISHRA- MN
245 0 _aORAGANIZATION BEHAVIOUR
260 _bHIMALAYA
942 _2ddc
_c02
999 _c8046
_d8046